000 00480nam a2200193Ia 4500
003 GCL
008 140319s9999 xx 000 0 aRus d
040 _aGCL /
_cGCL
082 0 4 _a863
_bT P
100 1 _aTODA, LLUIS MA
245 1 0 _aPLACERES FICTICIOS /
_cTODA, LLUIS MA
260 _a[S.N] :
_bEDITORIAL ANAGRAMA ،
_c1993
300 _a222
650 0 4 _aLITERATURE
650 0 4 _aFICTION
650 0 4 _aSPANISH LITERATURE
650 0 4 _aSPANISH FICTION
942 _2ddc
_cBK
999 _c12830
_d12830